A guide for emergency highway traffic regulation.

Bibliographic Details
Corporate Author: United States. Federal Highway Administration. Office of Traffic Operations
Format: Government Document Book
Language:English
Published: [Washington, D.C.?] : U.S. Dept. of Transportation, Federal Highway Administration, 1985.
Subjects:

MARC

Tag First Indicator Second Indicator Subfields
LEADER 00000cam a2200000 a 4500
001 in00000856465
005 20151019072017.0
008 851001s1985 dcuabk b f00010 eng d
010 |a gp 86001656  
035 |a (OCoLC)12620391 
035 |9 AED7854AM 
040 |a GPO  |c GPO  |d UtOrBLW 
043 |a n-us--- 
074 |a 982-G-2 
086 0 |a TD 2.8:H 53/9 
088 |a HTO-33/8-85 (2.5 M) E 
090 |a HV555.U6  |b G85 1985 
110 1 |a United States.  |b Federal Highway Administration.  |b Office of Traffic Operations. 
245 1 2 |a A guide for emergency highway traffic regulation. 
264 1 |a [Washington, D.C.?] :  |b U.S. Dept. of Transportation, Federal Highway Administration,  |c 1985. 
300 |a 1 volume (various pagings) :  |b illustrations, forms, 1 map ;  |c 28 cm. 
336 |a text  |b txt  |2 rdacontent 
337 |a unmediated  |b n  |2 rdamedia 
338 |a volume  |b nc  |2 rdacarrier 
500 |a "Office of Traffic Operations"--Cover. 
500 |a Revises and supersedes emergency planning information previously contained in "A Guide for highway traffic regulation in an emergency" (1974). 
504 |a Includes bibliographies. 
500 |a "HTO-33/8-85(2.5M)E"--P. [4] of cover. 
536 |a From the Library of the Hazard Reduction and Recovery Center (HRRC). 
650 0 |a Disaster relief  |z United States. 
650 0 |a Emergency transportation. 
650 0 |a Highway law  |z United States. 
999 |a MARS 
999 f f |s f8ba8fee-f13c-3ad7-8da7-258a06c2457f  |i 5efcd1a0-e852-3b48-a958-a1f33a1ba00a  |t 0 
952 f f |p ric  |a Texas A&M University  |b Rellis Campus  |c Joint Library Facility  |d Remote Storage  |t 0  |e HV555.U6 G85  |h Library of Congress classification  |i unmediated -- volume  |m A14828801231 
998 f f |a HV555.U6 G85  |t 0  |l Remote Storage